Infrastructure Arbitration A Perspective: (Record no. 183038)

MARC details
000 -LEADER
fixed length control field 00606 a2200193 4500
005 - DATE AND TIME OF LATEST TRANSACTION
control field 20211215123636.0
010 ## - LCCN (DPL NO)
LC control number ENG-130324
020 ## - INTERNATIONAL STANDARD BOOK NUMBER
Terms of availability 857.00
International Standard Book Number 978-93-8854-883-0
035 ## - SYSTEM CONTROL NUMBER
System control number EN-113855
037 ## - SOURCE OF ACQUISITION
Source of stock number/acquisition DBAD / PUB
082 ## - DEWEY DECIMAL CLASSIFICATION NUMBER
Classification number 344.540189143
100 ## - MAIN ENTRY--PERSONAL NAME
Personal name Singh, Manoj K
245 ## - TITLE STATEMENT
Title Infrastructure Arbitration A Perspective:
Statement of responsibility, etc Manoj K Singh
250 ## - EDITION STATEMENT
Edition statement 2020
260 ## - PUBLICATION, DISTRIBUTION, ETC. (IMPRINT)
Name of publisher, distributor, etc LexisNexis
Date of publication, distribution, etc 2020
Place of publication, distribution, etc Haryana
270 ## - ADDRESS
Address 14th Floor, Building No. 10, Tower-B, DLF Cyber City, Phase-Ii
City Gurgaon
Postal code 122002
300 ## - PHYSICAL DESCRIPTION
Extent 336p.
Dimensions 25cm (hbk)
942 ## - ADDED ENTRY ELEMENTS (KOHA)
Institution code [OBSOLETE] dpl
Item type English Books
Source of classification or shelving scheme Dewey Decimal Classification
Classification part 344.540189143
Call number suffix SIN
Holdings
Withdrawn status Lost status Not for loan Collection code Home library Current library Date acquired Source of acquisition Cost, normal purchase price Full call number Barcode Copy number Cost, replacement price Koha item type
      Non-fiction Shahdara Branch Shahdara Branch 15/12/2021 DBAD/PUB 895.00 344.540189143 SIN EN-113856 1 895.00 English Books

© Delhi Public Library
Hit Counter
free hit counter